000 00381cam a22000977a 4500
008 180718b1965 xxu||||| |||| 00| 0 eng d
082 _aK63x42 Un3 bo
245 _aReport of a board of inquiry appointment by the prime ministry following the report of the security commission on the bossard and allen cases
260 _aLondon
_bHer Majesty's Stationery Office
_c1965
300 _a10+p.
999 _c500120
_d500120